| 000 | 00000nam##2200000za#4500 |
| 001 | 9.590949 |
| 003 | CaOODSP |
| 005 | 20250403104945 |
| 007 | cr ||||||||||| |
| 008 | 150406|2001||||xxc|||||o f|0| 0 fre|d |
| 020 | |a0-662-86205-8 |
| 022 | |a1205-9161 |
| 040 | |aCaOODSP|bfre |
| 043 | |an-cn--- |
| 086 | 1 |aCS11-0019/175F-IN |
| 245 | 00|aPénuries de main-d'oeuvre qualifiée et adoption des technologies de pointe / |h[ressource électronique]|cpar David Sabourin. |
| 260 | |aOttawa - Ontario : |bStatistique Canada |cSeptembre 2001. |
| 300 | |a47p.|bgraphiques, références, tableaux |
| 490 | 1 |aDocuments de recherche - Direction des études analytiques|x1205-9161|vN° 175 |
| 500 | |aL'ISSN (1200-5231) de l'édition imprimée a été incorrectement copié dans l'édition électronique. |
| 520 | 3 |a« Le présent document vise à déterminer dans quelle mesure les établissements du secteur canadien de la fabrication font face à des pénuries de main-d'eouvre qualifiée et, le cas échéant, si ces pénuries semblent nuire à l'adoption des technologies de pointe »--Résumé |
| 590 | |a12-37-Supp|b2012-09-24 |
| 710 | 2 |aStatistique Canada. |
| 720 | 1 |aSabourin, David |
| 775 | 08|tSkill shortages and advanced technology adoption / |w(CaOODSP)9.557949 |
| 776 | 0#|tPénuries de main-d'oeuvre qualifiée et adoption des technologies de pointe / |w(CaOODSP)9.625759 |
| 830 | #0|aDocuments de recherche (Statistique Canada. Direction des études analytiques)|x1205-9161|vN° 175|w(CaOODSP)9.500842 |
| 856 | 40|ahttp://publications.gc.ca|qPDF|s297 Ko|uhttps://publications.gc.ca/collections/Collection/CS11-0019-175F.pdf|yN° 175 |